| 000 | 00460nam a2200169Ia 4500 | ||
|---|---|---|---|
| 008 | 230718s9999 xx 000 0 und d | ||
| 041 | _aeng | ||
| 082 |
_a005.43 _bMIC |
||
| 100 |
_aMicrosoft Press _9136328 |
||
| 245 | _aOLE 2 Programmers Reference Vol I | ||
| 260 |
_c1993 _bMicrosoft Press |
||
| 300 |
_a920 _dRef 168 C (5497) |
||
| 365 |
_cRs. _b639.35 |
||
| 500 | _a168 C | ||
| 700 |
_aMicrosoft Press _9136328 |
||
| 906 |
_dB:501613-Oct-1995 _cCOMP _b95.9 |
||
| 999 |
_c294292 _d294292 |
||